South asia : (Record no. 16253)
[ view plain ]
| 000 -LEADER | |
|---|---|
| fixed length control field | 00910nam a2200205 a 4500 |
| 001 - CONTROL NUMBER | |
| control field | ASIN9692884295 |
| 005 - DATE AND TIME OF LATEST TRANSACTION | |
| control field | 20170105102936.0 |
| 008 - FIXED-LENGTH DATA ELEMENTS--GENERAL INFORMATION | |
| fixed length control field | 151015s2015 xxu eng d |
| 020 ## - INTERNATIONAL STANDARD BOOK NUMBER | |
| International Standard Book Number | 9692884295 (hardcover) |
| 020 ## - INTERNATIONAL STANDARD BOOK NUMBER | |
| International Standard Book Number | 9789692884297 (hardcover) |
| 040 ## - CATALOGING SOURCE | |
| Original cataloging agency | 0 |
| 082 ## - DEWEY DECIMAL CLASSIFICATION NUMBER | |
| Classification number | 355.8251190954 |
| Author Mark | ALI 1987 |
| 100 1# - MAIN ENTRY--PERSONAL NAME | |
| Personal name | Ali, Akhtar. |
| 245 10 - TITLE STATEMENT | |
| Title | South asia : |
| Remainder of title | nuclear stalemate or conflagration / |
| Statement of responsibility, etc. | Akhtar Ali. |
| 300 ## - PHYSICAL DESCRIPTION | |
| Extent | 238 p. |
| 520 ## - SUMMARY, ETC. | |
| Summary, etc. | South Asia: Nuclear Stalemate Or Conflagration by Akhtar Ali. |
| 650 ## - SUBJECT ADDED ENTRY--TOPICAL TERM | |
| Topical term or geographic name entry element | Nuclear Energy in Pakistan Status and prospects, India’s Nuclear Policy: Influence and Constraints, Pakistan’s Nuclear prospective: Posture and pressure, Cerebral Defence, Ballistic Missile Defence, Borrowed Deterrence: A Nuclear Umbrella, Nuclear Deterrence |
| 856 40 - ELECTRONIC LOCATION AND ACCESS | |
| Materials specified | Amazon.com |
| Uniform Resource Identifier | <a href="http://www.amazon.com/exec/obidos/ASIN/9692884295/chopaconline-20">http://www.amazon.com/exec/obidos/ASIN/9692884295/chopaconline-20</a> |
| 942 ## - ADDED ENTRY ELEMENTS (KOHA) | |
| Source of classification or shelving scheme | |
| Koha item type | Book |
| Withdrawn status | Lost status | Damaged status | Not for loan | Collection code | Permanent Location | Current Location | Shelving location | Date acquired | Total Checkouts | Full call number | Barcode | Date last seen | Price effective from | Koha item type |
|---|---|---|---|---|---|---|---|---|---|---|---|---|---|---|
| Centre for International Peace & Stability (CIPS) | Centre for International Peace & Stability (CIPS) | General Stacks | 10/15/2015 | 355.8251190954 ALI 1987 | CIPSD0000407 | 10/15/2015 | 10/15/2015 | Book |
